| 000 | 00751nam a2200217 4500 | ||
|---|---|---|---|
| 001 | 44885 | ||
| 010 | _a9789896267971 | ||
| 021 | _b417792/16 | ||
| 090 | _a44885 | ||
| 100 | _a20170307d2017 m y0pory50030103ba | ||
| 101 | 0 | _apor | |
| 102 | _aPT | ||
| 200 | 1 |
_aEra uma vez Lisboa _evidas, lugares, paixões, conspiracões, heróis, vilões _ea extraordinária epopeia de uma cidade única ao longo dos tempos _fLuís Ribeiro |
|
| 205 | _a1.ª ed. | ||
| 210 | 9 |
_aLisboa _cA Esfera dos Livros, _d2017 |
|
| 215 |
_a277 p., [16] p. il. _cil. _d23 cm |
||
| 675 |
_a94(469.411) _vBN _zpor |
||
| 700 | 1 |
_aRibeiro, _bLuís, _f1976- |
|
| 801 | 0 |
_aPT _bBN _gRPC |
|
| 856 | 4 | 1 | _uhttp://rnod.bnportugal.gov.pt/ImagesBN/winlibimg.aspx?skey=&doc=1957795&img=91445&save=true |
| 990 | _cLIVROS | ||